00119 2200061 4500001002100000990001800021990001800039INLIS000000000007682 a011109.021852 a011109.041644